00329nam a2200133Ia 4500008004100000041000800041082001600049100001300065245003600078260003000114300000800144365001500152700002800167230719s9999 xx 000 0 und d aeng a006.32bDAS aDas R.P. aNeural Networks And Fuzzy Logic c2012bS.K. Kataria & Sons a244 cRs.b92.00 aDas R.P. & Shreedhar L.